000 01070cam a2200301 i 4500
001 17128895
003 EG-ScBUE
005 20240522084124.0
008 120120s2011 enka f b 001 0 eng d
020 _a9780745652313
040 _aDLC
_beng
_erda
_cDLC
_dDLC
_dEG-ScBUE
043 _aaw-----
082 0 4 _222
_a956.05
_bMIL
100 1 _aMilton-Edwards, Beverley,
_eauthor.
_915969
245 1 0 _aContemporary politics in the Middle East /
_cBeverley Milton-Edwards.
250 _aThird edition,
_bfully revised and updated.
264 1 _aCambridge ;
_aMalden :
_bPolity Press,
_c2011.
300 _axi, 340 pages :
_billustrations ;
_c25 cm
336 _2rdacontent
_atext
_btxt
337 _aunmediated
_2rdamedia
_bn
338 _avolume
_bnc
_2rdacarrier
504 _aIncludes bibliographical references and index.
651 7 _aMiddle East
_xPolitics and government
_y20th century.
_2BUEsh
_932076
651 7 _aMiddle East
_xPolitics and government
_y21st century.
_2BUEsh
_922790
653 _bBUSBOL
_cOctober2017
655 _vText book
_933728
942 _2ddc
_cBB
999 _c25502
_d25474